Every Nick Jonas Song on the Billboard Hot 100 - Statistics

General Stats
  • This quiz has been taken 77 times
    60 since last reset
  • The average score is 3 of 7
Answer Stats
# Year Song % Correct
7 2015 Jealous
94%
14 2016 Close ft. Tove Lo
88%
13 2015 Chains
69%
44 2015 Levels
42%
92 2010 Introducing Me
15%
54 2017 Bom Bidi Bom (Nicki Minaj)
10%
75 2015 Good Thing (Sage The Gemini)
6%
No matching quizzes found
Score Distribution
Percent of People with Each Score
Percentile by Number Answered
Your Score History
You have not taken this quiz since the last reset